Normal view
MARC view
- المؤتمر العالمي حول الإقتصاد الإسلامي، مكة المكرمة
Entry Personal Name
001 - CONTROL NUMBER
- control field: 56603
003 - CONTROL NUMBER IDENTIFIER
- control field: JO-AjAnu
005 - DATE AND TIME OF LATEST TRANSACTION
- control field: 20230606083256.0
008 - FIXED-LENGTH DATA ELEMENTS
- fixed length control field: 230606|| aca||aabn | a|a d
040 ## - CATALOGING SOURCE
- Original cataloging agency: JO-AjAnu
- Transcribing agency: JO-AjAnu
100 ## - HEADING--PERSONAL NAME
- Personal name: المؤتمر العالمي حول الإقتصاد الإسلامي، مكة المكرمة
670 ## - SOURCE DATA FOUND
- Source citation: Work cat.: (JO-AjAnu)28882: المؤتمر العالمي حول الإقتصاد الإسلامي، مكة المكرمة, author, الإقتصاد الإسلامي: بحوث مختارة من المؤتمر العالمي الأول للإقتصاد الإسلامي